Loading...
| History - Other History | 0 | 5 | 1 | 1 | 45 | 103 | 126.80 | 1 | 1 |
| History - American History | 0 | 4 | 0 | 1 | 40 | 82 | 112.00 | 0 | 1 |
| Religion | 0 | 4 | 1 | 1 | 35 | 114 | 130.75 | 0 | 0 |
| History - World History | 0 | 4 | 1 | 1 | 35 | 65 | 112.25 | 1 | 1 |
| History - European History | 0 | 3 | 1 | 1 | 25 | 105 | 117.33 | 0 | 0 |
| Literature - World Literature | 0 | 2 | 0 | 0 | 20 | 134 | 136.00 | 0 | 0 |
| Social Science | 0 | 2 | 0 | 1 | 20 | 76 | 94.00 | 0 | 1 |
| Mythology | 0 | 1 | 0 | 0 | 10 | 116 | 116.00 | 0 | 0 |
| Literature - British Literature | 0 | 1 | 0 | 0 | 10 | 90 | 90.00 | 1 | 1 |
| Other | 0 | 1 | 0 | 0 | 10 | 94 | 94.00 | 0 | 0 |
| Science - Chemistry | 0 | 1 | 0 | 1 | 10 | 130 | 130.00 | 0 | 0 |
| Science - Other Science | 0 | 1 | 0 | 1 | 10 | 127 | 127.00 | 0 | 0 |
| Science - Physics | 0 | 1 | 0 | 0 | 10 | 130 | 130.00 | 0 | 0 |
| Fine Arts - Classical Music | 0 | 0 | 0 | 0 | 0 | 0.00 | 0 | 0 | |
| Science - Biology | 0 | 0 | 0 | 0 | 0 | 0.00 | 0 | 0 | |
| Fine Arts - Other Fine Arts | 0 | 0 | 1 | 0 | -5 | 0.00 | 0 | 0 |